Dr. B.R. Ambedkar: (Record no. 8002)
[ view plain ]
| 000 -LEADER | |
|---|---|
| fixed length control field | 00616 a2200181 4500 |
| 010 ## - LCCN (DPL NO) | |
| LC control number | ENG-88302 |
| 020 ## - INTERNATIONAL STANDARD BOOK NUMBER | |
| International Standard Book Number | 817827163X |
| Terms of availability | 550.00 |
| 035 ## - SYSTEM CONTROL NUMBER | |
| System control number | EN-71835 |
| 037 ## - SOURCE OF ACQUISITION | |
| Source of stock number/acquisition | DBAD / PUB |
| 082 14 - DEWEY DECIMAL CLASSIFICATION NUMBER | |
| Classification number | 323 |
| 100 ## - MAIN ENTRY--PERSONAL NAME | |
| Personal name | Venkateswara Rao, Didla |
| 245 1# - TITLE STATEMENT | |
| Title | Dr. B.R. Ambedkar: |
| Remainder of title | champion of human rights in India/ |
| Statement of responsibility, etc | by Didla Venkateswara Rao |
| 260 ## - PUBLICATION, DISTRIBUTION, ETC. (IMPRINT) | |
| Place of publication, distribution, etc | New Delhi |
| Name of publisher, distributor, etc | Manak Publications |
| Date of publication, distribution, etc | 2006 |
| 270 ## - ADDRESS | |
| Address | B-7, Saraswati Complex, Subhash Chowk, Laxmi Nagar, |
| City | New Delhi |
| Postal code | 110 092 |
| Telephone number | 22453894, 22042529 |
| 300 ## - PHYSICAL DESCRIPTION | |
| Extent | xiii, 218p. |
| Dimensions | 22 cm ( Hb) |
| 500 ## - GENERAL NOTE | |
| General note | Includes index |
| 942 ## - ADDED ENTRY ELEMENTS (KOHA) | |
| Institution code [OBSOLETE] | dpl |
| Item type | English Books |
| Source of classification or shelving scheme | Dewey Decimal Classification |
| Classification part | 323 |
| Call number suffix | VEN |
| Withdrawn status | Lost status | Not for loan | Collection code | Home library | Current library | Source of acquisition | Cost, normal purchase price | Full call number | Barcode | Copy number | Cost, replacement price | Koha item type |
|---|---|---|---|---|---|---|---|---|---|---|---|---|
| Not For Loan | Non-fiction | D.B.Act.Division | D.B.Act.Division | DBAD/PUB | 550.00 | 323 VEN | EN-71835 | 1 | 550.00 | English Books |
